Normal view
MARC view
- Filippini Gino
Entry Personal Name
001 - CONTROL NUMBER
- control field: 7083
003 - CONTROL NUMBER IDENTIFIER
- control field: IT-RoPau
005 - DATE AND TIME OF LATEST TRANSACTION
- control field: 20140102123756.0
008 - FIXED-LENGTH DATA ELEMENTS
- fixed length control field: 140102|| aca||aabn | a|a d
040 ## - CATALOGING SOURCE
- Original cataloging agency: IT-RoPau
- Transcribing agency: IT-RoPau
100 ## - HEADING--PERSONAL NAME
- Personal name: Filippini Gino
- Dates associated with a name: Codice autore musica SPICS: 13503
- Relator term: Autore musica
- Name of part/section of a work: Sulla carrozzella
670 ## - SOURCE DATA FOUND
- Source citation: Work cat.: (IT-RoPau)100105: AA.VV. 794, Sotto il sole d'Italia (Lp Smrp 9058)